| Tag |
First Indicator |
Second Indicator |
Subfields |
| LEADER |
00000cam a2200000 4500 |
| 001 |
in00003824537 |
| 005 |
20190415190402.0 |
| 006 |
m o d |
| 007 |
cr |n||||||||n |
| 008 |
901210s1733 enk|||| o 00||||eng c |
| 035 |
|
|
|a (CU-RivES)T202560
|
| 035 |
|
|
|a (Uk-ES)006297092
|
| 035 |
|
|
|a (OCoLC)509732193
|
| 040 |
|
|
|a Uk-ES
|c Uk-ES
|d CStRLIN
|d Cengage Gale
|d UtOrBLW
|
| 245 |
0 |
0 |
|a Outward deformity a very unfit subject for ridicule :
|b A sermon preached to a society of young men in Crooked-Lane, London, on Sunday, Nov. 11. 1733. The day His Highness the Prince of Orange was taken ill at the Dutch Church in Austin-Fryers. Published at the request of the said society.
|
| 264 |
|
1 |
|a London :
|b Printed for Maurice Crookshanks, at the sign of the Crooked-Billet in the Strand, and sold by the booksellers of town and country,
|c 1733.
|
| 300 |
|
|
|a 1 online resource (2 unnumbered pages, 23, 1 unnumbered pages)
|
| 336 |
|
|
|a text
|b txt
|2 rdacontent
|
| 337 |
|
|
|a computer
|b c
|2 rdamedia
|
| 338 |
|
|
|a online resource
|b cr
|2 rdacarrier
|
| 510 |
4 |
|
|a English Short Title Catalog,
|c T202560.
|
| 500 |
|
|
|a Reproduction of original from Bodleian Library (Oxford).
|
| 500 |
|
|
|a Electronic resource.
|
| 630 |
0 |
0 |
|a Bible.
|p Corinthians, 1st, XII, 22-24
|v Sermons
|v Early works to 1800.
|
| 655 |
|
7 |
|a Electronic books.
|2 local
|
| 655 |
|
7 |
|a Sermons.
|2 rbgenr
|
| 710 |
2 |
|
|a Gale (Firm)
|0 http://id.loc.gov/authorities/names/no2008071348
|
| 752 |
|
|
|a Great Britain
|b England
|d London.
|
| 856 |
4 |
0 |
|u http://proxy.library.tamu.edu/login?url=http://find.galegroup.com/ecco/infomark.do?contentSet=ECCOArticles&docType=ECCOArticles&bookId=1645602100&type=getFullCitation&tabID=T001&prodId=ECCO&docLevel=TEXT_GRAPHICS&version=1.0&source=library&userGroupName=txshracd2898
|z Connect to the full text of this electronic book
|t 0
|
| 999 |
f |
f |
|s 44d468d7-0fd3-3c85-93ef-e0e226d9469f
|i 0cb2c4bf-f6b3-3ac2-a4fb-22bc3446fbd9
|t 0
|
| 952 |
f |
f |
|a Texas A&M University
|b College Station
|c Electronic Resources
|d Available Online
|t 0
|h No information provided
|
| 998 |
f |
f |
|t 0
|l Available Online
|